[Event "V. Dvorkovich Cup 2015 juniors"]
[Site "Moscow"]
[Date "2015.06.30"]
[Round "7.16"]
[White "Varshini IND, V"]
[Black "Dordzhieva RUS, Dinara"]
[Result "0-1"]
[LiveChessVersion "1.4.4"]
[BlackElo "2263"]
[WhiteElo "2126"]

1. e4 {[%clk 1:30:55]} c5 {[%clk 1:30:12]} 2. Nf3 {[%clk 1:30:41]} d6
{[%clk 1:30:04]} 3. d4 {[%clk 1:30:51]} cxd4 {[%clk 1:30:30]} 4. Nxd4
{[%clk 1:31:16]} Nf6 {[%clk 1:30:57]} 5. Nc3 {[%clk 1:31:38]} a6 {[%clk 1:30:58]}
6. Be2 {[%clk 1:30:10]} e6 {[%clk 1:30:59]} 7. O-O {[%clk 1:30:10]} Qc7
{[%clk 1:30:48]} 8. Be3 {[%clk 1:24:21]} b5 {[%clk 1:30:49]} 9. a3
{[%clk 1:23:12]} Bb7 {[%clk 1:30:51]} 10. Bd3 {[%clk 1:21:18]} Nbd7
{[%clk 1:30:25]} 11. f4 {[%clk 1:15:02]} Be7 {[%clk 1:29:37]} 12. Qf3
{[%clk 1:12:41]} Nc5 {[%clk 1:21:10]} 13. Rae1 {[%clk 1:00:26]} g6
{[%clk 1:14:24]} 14. Bf2 {[%clk 0:49:18]} h5 {[%clk 0:58:26]} 15. h3
{[%clk 0:40:46]} d5 {[%clk 0:57:22]} 16. e5 {[%clk 0:36:03]} Nfd7
{[%clk 0:55:44]} 17. b4 {[%clk 0:26:17]} Nxd3 {[%clk 0:54:37]} 18. Qxd3
{[%clk 0:26:46]} Rc8 {[%clk 0:49:44]} 19. Nd1 {[%clk 0:24:19]} Rg8
{[%clk 0:44:32]} 20. Qe2 {[%clk 0:20:15]} Nb6 {[%clk 0:43:38]} 21. Ne3
{[%clk 0:16:30]} Na4 {[%clk 0:43:10]} 22. Nd1 {[%clk 0:16:15]} Kd7
{[%clk 0:41:17]} 23. h4 {[%clk 0:10:30]} Qd8 {[%clk 0:34:21]} 24. g3
{[%clk 0:10:48]} Rc4 {[%clk 0:34:47]} 25. Qd2 {[%clk 0:06:02]} Qb8
{[%clk 0:34:42]} 26. Nb3 {[%clk 0:03:27]} Rgc8 {[%clk 0:33:30]} 27. Ne3
{[%clk 0:03:13]} Rc3 {[%clk 0:31:57]} 28. Rc1 {[%clk 0:03:14]} Qc7
{[%clk 0:25:33]} 29. Rfd1 {[%clk 0:02:07]} Ke8 {[%clk 0:25:37]} 30. Qe2
{[%clk 0:01:16]} Ba8 {[%clk 0:18:29]} 31. Kh2 {[%clk 0:00:56]} d4
{[%clk 0:14:24]} 32. Nxd4 {[%clk 0:00:56]} Rxa3 {[%clk 0:13:48]} 33. Rd3
{[%clk 0:00:48]} Nc3 {[%clk 0:12:54]} 34. Qf1 {[%clk 0:00:55]} Bxb4
{[%clk 0:12:58]} 35. Ra1 {[%clk 0:00:39]} Rxa1 {[%clk 0:12:47]} 36. Qxa1
{[%clk 0:01:07]} Qb7 {[%clk 0:13:10]} 37. Qg1 {[%clk 0:00:47]} Ne4
{[%clk 0:09:10]} 38. Be1 {[%clk 0:01:01]} Bxe1 {[%clk 0:05:17]} 39. Qxe1
{[%clk 0:01:30]} Nf2 {[%clk 0:05:41]} 40. Rd2 {[%clk 0:31:28]} Rc3
{[%clk 0:35:49]} 41. Rxf2 {[%clk 0:22:21]} Rxe3 {[%clk 0:36:15]} 42. Qf1
{[%clk 0:20:38]} Kf8 {[%clk 0:24:19]} 43. f5 {[%clk 0:15:45]} exf5
{[%clk 0:22:15]} 44. e6 {[%clk 0:11:11]} fxe6 {[%clk 0:22:26]} 45. Qc1
{[%clk 0:11:17]} Qe4 {[%clk 0:19:50]} 46. c3 {[%clk 0:08:48]} Kg7
{[%clk 0:19:33]} 47. Qg1 {[%clk 0:06:40]} Rxg3 {[%clk 0:17:31]} 48. Nxe6+
{[%clk 0:06:35]} Kg8 {[%clk 0:17:50]} 49. Kxg3 {[%clk 0:05:16]} Qg4+
{[%clk 0:18:16]} 50. Kh2 {[%clk 0:05:43]} Qxh4# {[%clk 0:18:44]} 0-1